000 00280nam a22001217a 4500
008 xxu||||| |||| 00| 0 eng d
020 _a9780071750875
020 _a0071750878
041 0 _aeng
080 _a336
245 1 0 _aOptions demystified /
_cby Thomas McCafferty.
942 _2udc
_cBK
999 _c711
_d711